[Event "IECG CP.2003.P.00004 email"]
[Site "IECG email"]
[Date "2003.10.01"]
[Round "?"]
[White "Sallai, Kalman"]
[Black "McCormick, Sean"]
[Result "1-0"]
[WhiteElo "1989"]
[BlackElo "1028"]
[PlyCount "31"]
[EventDate "2003.10.01"]
[EventType "tourn (corr)"]
[EventRounds "6"]
[EventCountry "NED"]
[SourceTitle "Corr 2008"]
[Source "ChessBase"]
[SourceDate "2008.06.24"]
[SourceVersion "1"]
[SourceVersionDate "2008.06.24"]
[SourceQuality "1"]

1. e4 e5 2. Nf3 Nc6 3. Bb5 Nf6 4. 0-0 Nxe4 5. d4 Nxd4 6. Nxd4 exd4 7. Re1 Qe7 8. Qf3 Qb4 9. c3 dxc3 10. Rxe4+ Be7 11. Rxb4 Bxb4 12. Nxc3 0-0 13. Nd5 Bd6 14. Nf6+ Kh8 15. Qh5 h6 16. Bxh6 1-0

[Event "IECG CP.2003.P.00004 email"]
[Site "IECG email"]
[Date "2003.10.01"]
[Round "?"]
[White "Wakeham, Marc R"]
[Black "McCormick, Sean"]
[Result "1-0"]
[WhiteElo "1682"]
[BlackElo "1028"]
[PlyCount "67"]
[EventDate "2003.10.01"]
[EventType "tourn (corr)"]
[EventRounds "6"]
[EventCountry "NED"]
[SourceTitle "Corr 2008"]
[Source "ChessBase"]
[SourceDate "2008.06.24"]
[SourceVersion "1"]
[SourceVersionDate "2008.06.24"]
[SourceQuality "1"]

1. e4 e5 2. Nf3 d6 3. d4 Qe7 4. dxe5 dxe5 5. Nc3 Nc6 6. Bc4 Be6 7. Bxe6 fxe6 8. 0-0 h6 9. Qd3 Qd6 10. Qc4 a6 11. Rd1 Nd4 12. Nxd4 exd4 13. Rxd4 Qb4 14. Qxb4 Bxb4 15. Rxb4 b5 16. Rd4 Nf6 17. Bf4 c5 18. Rd6 Ke7 19. e5 Ne8 20. Rd2 g5 21. Be3 c4 22. Rad1 Ng7 23. Rd7+ Ke8 24. Rxg7 b4 25. Na4 Rd8 26. Rxd8+ Kxd8 27. Ra7 g4 28. Ra8+ Kc7 29. Rxh8 Kc6 30. Rxh6 c3 31. Rxe6+ Kd5 32. Rxa6 Kxe5 33. Nxc3 bxc3 34. bxc3 1-0

[Event "IECG QF.2003.0.00043"]
[Site "IECG email"]
[Date "2003.08.16"]
[Round "1"]
[White "Jibouleau, Jean"]
[Black "McCormick, Sean"]
[Result "1-0"]
[WhiteElo "1058"]
[BlackElo "1000"]
[PlyCount "107"]
[EventDate "2003.08.16"]
[EventType "tourn (corr)"]
[EventRounds "6"]
[SourceTitle "Corr 2008"]
[Source "ChessBase"]
[SourceDate "2008.06.24"]
[SourceVersion "1"]
[SourceVersionDate "2008.06.24"]
[SourceQuality "1"]

1. e4 e5 2. Nf3 d6 3. Bc4 c6 4. Nc3 Qe7 5. 0-0 Nf6 6. d3 Be6 7. Bxe6 Qxe6 8. d4 Nbd7 9. d5 cxd5 10. exd5 Qe7 11. Nb5 0-0-0 12. Nxa7+ Kb8 13. Nb5 h6 14. b4 g5 15. h3 e4 16. Re1 g4 17. Nh2 Qe5 18. c3 Nxd5 19. Qd4 Qxd4 20. Nxd4 gxh3 21. Bd2 Rg8 22. g3 Re8 23. Nf1 Ne5 24. Nh2 Bg7 25. Nf5 Nf3+ 26. Nxf3 exf3 27. Rxe8+ Rxe8 28. Nxg7 Re2 29. Bxh6 Nf6 30. Nf5 Ng4 31. Be3 h2+ 32. Kh1 Nxf2+ 33. Bxf2 Rxf2 34. Ne3 Re2 35. Ng2 Rxg2 36. Rf1 f2 37. Kxg2 Kc7 38. Kxh2 Kd7 39. Rxf2 Ke7 40. Rf5 Ke6 41. g4 b6 42. Rb5 d5 43. Rxb6+ Ke5 44. a4 f5 45. g5 d4 46. cxd4+ Kxd4 47. g6 f4 48. g7 Ke3 49. g8Q f3 50. Rd6 Ke2 51. Qe6+ Kf2 52. Rd2+ Kf1 53. Qe3 f2 54. Qxf2# 1-0

[Event "IECG QF.2003.0.00043"]
[Site "IECG email"]
[Date "2003.08.16"]
[Round "?"]
[White "McCormick, Sean"]
[Black "Nittschalk, Karl"]
[Result "0-1"]
[WhiteElo "1000"]
[BlackElo "1173"]
[PlyCount "57"]
[EventDate "2003.08.16"]
[EventType "tourn (corr)"]
[EventRounds "6"]
[SourceTitle "Corr 2008"]
[Source "ChessBase"]
[SourceDate "2008.06.24"]
[SourceVersion "1"]
[SourceVersionDate "2008.06.24"]
[SourceQuality "1"]

1. d4 d5 2. Nf3 Nc6 3. e3 Bg4 4. Bd3 e6 5. 0-0 Nf6 6. Nbd2 Bd6 7. Re1 0-0 8. e4 dxe4 9. Nxe4 Nxe4 10. Bxe4 Bxf3 11. Qxf3 Nxd4 12. Qc3 f5 13. Bxb7 Rb8 14. Ba6 Bb4 15. Qe3 Nxc2 16. Qxe6+ Kh8 17. Bf4 Bxe1 18. Rxe1 Rb6 19. Qe2 Nxe1 20. Bc4 Re8 21. Bxc7 Qa8 22. Qxe8+ Qxe8 23. Bxb6 axb6 24. h3 Nc2 25. Bd3 Qe1+ 26. Kh2 Qxf2 27. Bb5 Nd4 28. Bd3 Nf3+ 29. Kh1 0-1

[Event "IECG QF.2003.0.00043"]
[Site "IECG email"]
[Date "2003.08.16"]
[Round "?"]
[White "Nittschalk, Karl"]
[Black "McCormick, Sean"]
[Result "1-0"]
[WhiteElo "1173"]
[BlackElo "1000"]
[PlyCount "58"]
[EventDate "2003.08.16"]
[EventType "tourn (corr)"]
[EventRounds "6"]
[SourceTitle "Corr 2008"]
[Source "ChessBase"]
[SourceDate "2008.06.24"]
[SourceVersion "1"]
[SourceVersionDate "2008.06.24"]
[SourceQuality "1"]

1. d4 d5 2. c4 e6 3. Nc3 a6 4. a4 c5 5. dxc5 Bxc5 6. Nf3 Nf6 7. e3 Nc6 8. Bd3 0-0 9. 0-0 Qd6 10. cxd5 exd5 11. e4 Nxe4 12. Bxe4 Be6 13. Bxd5 Bg4 14. Ne4 Bxf3 15. Qxf3 Qxd5 16. Nf6+ gxf6 17. Qxd5 Bb4 18. Bh6 Ne5 19. Bxf8 Rxf8 20. Qxb7 a5 21. Rfd1 Kh8 22. f4 Ng6 23. Rd7 Kg7 24. Rc1 Nxf4 25. Rc8 h5 26. Rxf8 Bxf8 27. Rxf7+ Kg8 28. Rh7 Ne2+ 29. Kf2 Bc5+ 1-0

[Event "IECG TG-2003-0-14767"]
[Site "IECG email"]
[Date "2003.01.17"]
[Round "1"]
[White "McCormick, Sean"]
[Black "Montarolo, Luca"]
[Result "1-0"]
[WhiteElo "1000"]
[BlackElo "889"]
[PlyCount "53"]
[EventDate "2003.01.17"]
[EventType "tourn (corr)"]
[EventRounds "6"]
[SourceTitle "Corr 2024"]
[Source "ChessBase"]
[SourceDate "2023.10.19"]
[SourceVersion "1"]
[SourceVersionDate "2023.10.19"]
[SourceQuality "1"]

1. d4 e6 2. Nf3 Nc6 3. e3 Nf6 4. Bd3 Bb4+ 5. c3 Be7 6. Nbd2 0-0 7. 0-0 d5 8. Re1 Bd6 9. e4 Re8 10. e5 Nd7 11. exd6 cxd6 12. Qc2 Qf6 13. b3 e5 14. Bxh7+ Kf8 15. Qf5 Qxf5 16. Bxf5 e4 17. Ng5 Nf6 18. Bh7 Bd7 19. Ba3 Nxh7 20. Nxh7+ Kg8 21. Ng5 b5 22. Bxd6 a5 23. a4 bxa4 24. bxa4 Ra6 25. Rab1 f5 26. f3 e3 27. Nb3 1-0

[Event "IECG QF.2003.0.00039"]
[Site "IECG email"]
[Date "2003.??.??"]
[Round "1"]
[White "McKeough, Sean"]
[Black "McCormick, Sean"]
[Result "1-0"]
[WhiteElo "1085"]
[BlackElo "1000"]
[PlyCount "74"]
[EventDate "2003.06.19"]
[EventType "tourn (corr)"]
[EventRounds "6"]
[SourceTitle "Corr 2008"]
[Source "ChessBase"]
[SourceDate "2008.06.24"]
[SourceVersion "1"]
[SourceVersionDate "2008.06.24"]
[SourceQuality "1"]

1. e4 e5 2. Nf3 Nc6 3. Bb5 Nf6 4. 0-0 d5 5. Nxe5 Qd6 6. Nxc6 bxc6 7. e5 Qxe5 8. Bxc6+ Bd7 9. Bxa8 Bd6 10. g3 0-0 11. Bb7 d4 12. Re1 Qb5 13. Bf3 Bf5 14. d3 Bb4 15. Nd2 c5 16. a3 Ba5 17. Re7 a6 18. Nc4 Bd8 19. Nd6 Qb8 20. Nxf5 Bxe7 21. Nxe7+ Kh8 22. Qd2 Qe5 23. Nc6 Qe6 24. Qa5 Re8 25. Qxc5 Qh3 26. Bf4 h6 27. Qxd4 Re6 28. Ne5 h5 29. Be3 Kg8 30. Qd8+ Kh7 31. Qf8 Rxe5 32. Be4+ Nxe4 33. dxe4 Rxe4 34. Qxf7 Qc8 35. c3 Qd8 36. Qf5+ g6 37. Qxe4 Qg8 1-0